Bilecik Bilecik Bilecik Bilecik Bilecik

Edebiyatımızda ticaret ve tacirler/ (Record no. 22476)

MARC details
000 -BAŞLIK
Sabit Uzunluktaki Kontrol Alanı 01126nam a22003617a 4500
001 - KONTROL NUMARASI
Control Dosyası 0022520
003 - KONTROL NUMARASI KİMLİĞİ
Kontrol Alanı KOHA_MİRAKIL
005 - EN SON İŞLEM TARİHİ ve ZAMANI
Kontrol Alanı 20260207002347.0
007 - FİZİKSEL TANIM SABİT ALAN - GENEL BİLGİ
Sabit uzunluklu kontrol alanı ta
008 - SABİT UZUNLUKTAKİ VERİ ÖGELERİ - GENEL BİLGİ
Sabit Alan 220808b2010 xx |||gr||||#0|||1|tur |
020 ## - ISBN - ULUSLARARASI STANDART KİTAP NUMARASI
Isbn 9789944605861
040 ## - KATALOGLAMA KAYNAĞI
Özgün Kataloglama Kurumu TR-BiSEU
Kataloglama Dili tur
Çeviri Kurumu TR-BiSEU
Açıklama Kuralları rda
041 0# - DİL KODU
Metin ya da ses kaydının dil kodu tur
044 ## - YAYINLAYAN/ÜRETEN KURULUŞUN ÜLKE KODU
ISO country code tu
050 ## - SINIFLAMA ve YER NUMARASI
Sınıflama Numarası PL205
Yer Numarası .K56 2010
100 1# - KİŞİ ADI
Yazar Adı (Kişi adı) Kınalı, Fatih.
245 1# - ESER ADI BİLDİRİMİ
Başlık Edebiyatımızda ticaret ve tacirler/
Sorumluluk Bildirimi Fatih Kınalı ; Fatih Kınalı.
264 #1 - ÜRERİM, YAYIN, DAĞITIM ve TELİF BİLDİRİMİ
Yayın yeri İstanbul :
Yayınlayan İstanbul Ticaret Odası
Yayın tarihi 2010
300 ## - FİZİKSEL TANIMLAMA
Sayfa, Cilt vb. 249 sayfa; 24 cm.
336 ## - İÇERİK TÜRÜ
Content type term metin
Content type code txt
Source rdacontent
337 ## - MEDYA TÜRÜ
Media type term aracısız
Media type code n
Source rdamedia
338 ## - TAŞIYICI TÜRÜ
Carrier type term cilt
Carrier type code nc
Source rdacarrier
490 1# - DİZİ BİLDİRİMİ
Dizi Bildirimi İstanbul Ticaret Odası ;
Cilt Numarası yayın no.
490 1# - DİZİ BİLDİRİMİ
Dizi Bildirimi 2010-07.
490 1# - DİZİ BİLDİRİMİ
Dizi Bildirimi Küresel ve Sanatsal Araştırmalar
500 ## - GENEL NOT
Genel Not Kaynakça var.
650 #0 - KONU BAŞLIĞI EK GİRİŞ - KONU TERİMİ
Konusal terim veya coğrafi ad Türk edebiyatı--Tarihi.
9 (RLIN) 46990
650 #0 - KONU BAŞLIĞI EK GİRİŞ - KONU TERİMİ
Konusal terim veya coğrafi ad Turkish literature--History.
9 (RLIN) 46991
830 1# - SERİ EK GİRİŞİ - TEKBİÇİM ESER ADI
Tekbiçim Başlık İstanbul Ticaret Odası ;
Volume number/sequential designation yayın no.
9 (RLIN) 10313
830 1# - SERİ EK GİRİŞİ - TEKBİÇİM ESER ADI
Tekbiçim Başlık 2010-07.
9 (RLIN) 46992
830 1# - SERİ EK GİRİŞİ - TEKBİÇİM ESER ADI
Tekbiçim Başlık Küresel ve Sanatsal Araştırmalar
9 (RLIN) 46993
942 ## - EK GİRİŞ ÖGELERİ (KOHA)
Source of classification or shelving scheme Library of Congress Classification
Koha item type Book
Holdings
Materyal Türü Kalıcı Konum Mevcut Konum Raf Yeri Sınıflandırma Kaynağı Edinim Bilgisi Ana Konular Alt Konular Yer Numarası Demirbaş Numarası Fatura Tarihi Geri Çekilme Durumu Kayıp Durumu Hasarlı Durumu Kredi için değil Kayıt Tarih Toplam Ödünçverme Son Görülme Tarihi Son Kontrol Tarihi Genel / Bağış Notu
Book BŞEÜ Bozüyük MYO Kütüphanesi BŞEÜ Bozüyük MYO Kütüphanesi   Library of Congress Classification Bağış DİL VE EDEBİYAT Doğu Asya, Afrika, Okyanusya Dilleri ve Edebiyatları PL205 .K56 2010 0067414 02/02/2026         08/08/2022   06/03/2025 06/03/2025 Genel Bağış
Book BŞEÜ Gölpazarı MYO Kütüphanesi BŞEÜ Gölpazarı MYO Kütüphanesi   Library of Congress Classification Bağış DİL VE EDEBİYAT Doğu Asya, Afrika, Okyanusya Dilleri ve Edebiyatları PL205 .K56 2010 0067420 02/02/2026         08/08/2022   06/03/2025 06/03/2025 Genel Bağış
Book BŞEÜ Osmaneli MYO Kütüphanesi BŞEÜ Osmaneli MYO Kütüphanesi   Library of Congress Classification Bağış DİL VE EDEBİYAT Doğu Asya, Afrika, Okyanusya Dilleri ve Edebiyatları PL205 .K56 2010 0067415 02/02/2026         08/08/2022   06/03/2025 06/03/2025 Genel Bağış
Book BŞEÜ Söğüt MYO Kütüphanesi BŞEÜ Söğüt MYO Kütüphanesi   Library of Congress Classification Bağış DİL VE EDEBİYAT Doğu Asya, Afrika, Okyanusya Dilleri ve Edebiyatları PL205 .K56 2010 0064632 02/02/2026         13/03/2019   04/03/2025 04/03/2025 Genel Bağış
Book Prof. Dr. Azmi Özcan Kütüphanesi Prof. Dr. Azmi Özcan Kütüphanesi Birûni Salonu Library of Congress Classification Bağış DİL VE EDEBİYAT Doğu Asya, Afrika, Okyanusya Dilleri ve Edebiyatları PL205 .K56 2010 0022520 02/02/2026         30/09/2010   05/12/2024 05/12/2024 Genel Bağış
Book Prof. Dr. Azmi Özcan Kütüphanesi Prof. Dr. Azmi Özcan Kütüphanesi Birûni Salonu Library of Congress Classification Bağış DİL VE EDEBİYAT Doğu Asya, Afrika, Okyanusya Dilleri ve Edebiyatları PL205 .K56 2010 0028520 02/02/2026         15/03/2011   05/12/2024 05/12/2024 İstanbul 2010 Avrupa Başkenti Kültür Ajansı
Book Prof. Dr. Azmi Özcan Kütüphanesi Prof. Dr. Azmi Özcan Kütüphanesi Birûni Salonu Library of Congress Classification Bağış DİL VE EDEBİYAT Doğu Asya, Afrika, Okyanusya Dilleri ve Edebiyatları PL205 .K56 2010 0031152 02/02/2026         12/08/2011   05/12/2024 05/12/2024 YÖK Tez Merkezi